000 00571nam a2200241Ia 4500
003 OSt
005 20221005122837.0
006 a|||||r|||| 00| 0
007 ta
008 221004b |||||||| |||| 00| 0 mal d
024 _a52929
037 _cTextual
040 _aCRL
_cCRL
_bmal
041 _2mal
_amal
082 _aNS222:g, 32K3
100 _aMenon
245 0 _aKathakaligatha prakaram.
260 _c1963
300 _a522
_ccm.
650 _aDANCE
_936226
942 _hNS222:g, 32K3
_cTEXL
_2cc
999 _c1045572
_d1045572